[Event "34th Leon Blitz Open 2021"]
[Site "chess.com INT"]
[Date "2021.07.07"]
[Round "8"]
[White "Mikhnenko, Alexander"]
[Black "Navarro Segura, Roberto"]
[Result "0-1"]
[WhiteTitle "CM"]
[BlackTitle "IM"]
[WhiteElo "2065"]
[BlackElo "2123"]
[WhiteFideId "34143014"]
[BlackFideId "5100364"]
[EventDate "2021.07.07"]

1. e4 e5 2. Nf3 Nc6 3. Bb5 a6 4. Ba4 Nf6 5. O-O Be7 6. d3 b5 7. Bb3 d6 8. a4 Rb8
9. axb5 axb5 10. c3 O-O 11. Nbd2 Bb7 12. Re1 Ra8 13. Rxa8 Qxa8 14. Nf1 Na5 15.
Bc2 c5 16. Ng3 g6 17. h4 h5 18. Bg5 Re8 19. Qd2 c4 20. Ra1 Qd8 21. d4 Nb3 22.
Bxb3 cxb3 23. dxe5 Nxe4 24. Nxe4 Bxe4 25. Bxe7 Rxe7 26. exd6 Rd7 27. Nd4 Rxd6
28. Qf4 Bc6 29. Ra6 Qd7 30. Qe5 b4 31. Nxb3 bxc3 32. bxc3 Rd1+ 33. Kh2 Qd5 34.
Qxd5 Bxd5 35. Nc5 Rc1 36. Ra3 Rc2 37. Kg3 Kg7 38. Nd3 Be6 39. Nf4 Bc4 40. Kf3
Kf6 41. g3 Kf5 42. Ke3 Kg4 43. Kd4 Bf1 44. Nd5 Rxf2 45. Ne3+ Kxg3 46. Ra1 Bh3
47. Rg1+ Kxh4 48. c4 Bg4 49. c5 Rd2+ 50. Ke4 f5+ 51. Kf4 Rd4+ 52. Ke5 Re4+ 53.
Kd5 Rxe3 54. c6 Rc3 55. Kd6 f4 56. Rh1+ Kg5 57. Rg1 f3 58. Re1 f2 59. c7 fxe1=Q
60. Kd5 Rxc7 61. Kd4 Rd7+ 62. Kc5 Qc1+ 63. Kb6 Bf3 64. Ka6 Rb7 65. Ka5 Qa1# 0-1

[Event "34th Leon Blitz Open 2021"]
[Site "chess.com INT"]
[Date "2021.07.07"]
[Round "8"]
[White "Larino Nieto, David"]
[Black "Tejedor Fuente, Enrique"]
[Result "0-1"]
[WhiteTitle "GM"]
[BlackTitle "IM"]
[WhiteElo "2455"]
[BlackElo "2434"]
[WhiteFideId "2256444"]
[BlackFideId "2299100"]
[EventDate "2021.07.07"]

1. Nf3 b6 2. g3 Bb7 3. Bg2 e5 4. d3 d6 5. O-O Nd7 6. c4 h5 7. Nc3 h4 8. Nxh4
Bxg2 9. Nxg2 Be7 10. f4 Ngf6 11. e4 exf4 12. gxf4 Nc5 13. Be3 Qd7 14. f5 a5 15.
b3 g6 16. a3 gxf5 17. Rxf5 O-O-O 18. b4 Nb7 19. Nd5 Nxd5 20. cxd5 Rdg8 21. Qf3
Qb5 22. Rxf7 Bd8 23. Bd2 Qe8 24. bxa5 Kb8 25. d4 Qa4 26. Qd3 Nxa5 27. Bxa5 Qxa5
28. Raf1 Qa4 29. R7f3 Qe8 30. Rg3 Rxg3 31. hxg3 Qh5 32. Qf3 Qh2+ 33. Kf2 Qh6 34.
Ke2 Qg7 35. Qe3 Rh3 36. Rf3 Bg5 37. Nf4 Rh2+ 38. Rf2 Rh6 39. Kd3 Rh1 40. Qe2 Qd7
41. Qb2 Qa4 42. Ne6 Qd1+ 43. Kc4 Qa4+ 44. Kd3 Rd1+ 45. Ke2 Rd2+ 46. Qxd2 Bxd2
47. Kxd2 Qxa3 48. g4 Qg3 49. Rf8+ Kb7 50. g5 Qg2+ 51. Ke3 b5 52. Rf7 Qg3+ 53.
Ke2 Qg4+ 54. Kd3 Qh3+ 55. Kd2 Qg2+ 56. Kc3 Qxe4 57. Rxc7+ Kb6 58. Rc6+ Ka5 59.
Nc7 Qe3+ 60. Kc2 Qxg5 61. Ra6+ Kb4 62. Rb6 Qg2+ 63. Kb1 Qg1+ 64. Kc2 Qf2+ 65.
Kb1 Qe1+ 66. Kc2 Qe2+ 67. Kb1 Qd3+ 68. Ka2 Qc2+ 69. Ka1 Qxc7 70. Rc6 Qa7+ 71.
Kb1 Qxd4 0-1

[Event "34th Leon Blitz Open 2021"]
[Site "chess.com INT"]
[Date "2021.07.07"]
[Round "8"]
[White "Henderson de La Fuente, Lance"]
[Black "Nguyen, Ngoc Truong Son"]
[Result "1-0"]
[WhiteTitle "GM"]
[BlackTitle "GM"]
[WhiteElo "2491"]
[BlackElo "2641"]
[WhiteFideId "32096585"]
[BlackFideId "12401110"]
[EventDate "2021.07.07"]

1. e4 c5 2. Nf3 e6 3. d4 cxd4 4. Nxd4 Nc6 5. Nc3 a6 6. g3 d6 7. Bg2 Bd7 8. O-O
Qc7 9. Re1 Nf6 10. Nxc6 bxc6 11. Na4 Be7 12. c4 O-O 13. b3 Rad8 14. Bb2 c5 15.
Nc3 Bc6 16. Qc2 Nd7 17. Rad1 Bf6 18. Ne2 Bxb2 19. Qxb2 Nf6 20. Nc3 Rd7 21. Rd3
Rfd8 22. Red1 h6 23. h3 Qb7 24. Qe2 a5 25. f4 Ne8 26. e5 dxe5 27. Rxd7 Rxd7 28.
Rxd7 Qxd7 29. Bxc6 Qxc6 30. fxe5 f6 31. Qg2 Qd7 32. Na4 fxe5 33. Nxc5 Qd1+ 34.
Qf1 Qd6 35. Qf2 Nf6 36. Qe3 Qd1+ 37. Kf2 Qc2+ 38. Qe2 Qf5+ 39. Kg2 e4 40. Qe3
Qe5 41. Na4 h5 42. Nc3 Kh7 43. a3 Qf5 44. b4 axb4 45. axb4 Qe5 46. b5 Qc7 47. c5
Qa5 48. b6 Qa6 49. c6 Qc4 50. b7 Qb3 51. Nd1 Qxd1 52. b8=Q Qc2+ 53. Qf2 Qxc6 54.
Kh2 Qd5 55. Qbb6 Kg6 56. Qbd4 Qb5 57. Qdd2 Qc4 58. Qc2 Qd5 59. Qf4 Kh7 60. Qcd2
Qb5 61. Qg5 Qb7 62. Qc2 Qd7 63. Qf2 Qf7 64. Qfc5 Qd7 65. Qce3 Qb7 66. Qe2 Qd7
67. Qe5 Qf7 68. Qf4 Qg6 69. g4 hxg4 70. hxg4 Kg8 71. g5 Nd5 72. Qe5 Qh7+ 73. Kg2
Kh8 74. Qb8+ Qg8 75. Qh5# 1-0

[Event "34th Leon Blitz Open 2021"]
[Site "chess.com INT"]
[Date "2021.07.07"]
[Round "9"]
[White "Khabinets, Ivan"]
[Black "Vitenberg, Noam Aviv"]
[Result "0-1"]
[BlackTitle "FM"]
[WhiteElo "1980"]
[BlackElo "2315"]
[WhiteFideId "14115980"]
[BlackFideId "1532138"]
[EventDate "2021.07.07"]

1. e4 a5 2. d4 g6 3. h4 h5 4. Bc4 Bg7 5. Be3 d6 6. Nf3 Nf6 7. Nc3 Nc6 8. Qd2 a4
9. a3 Bd7 10. O-O-O Ng4 11. Bg5 f6 12. Bf4 e5 13. Bg3 Bh6 14. Ng5 fxg5 0-1

[Event "34th Leon Blitz Open 2021"]
[Site "chess.com INT"]
[Date "2021.07.07"]
[Round "9"]
[White "Mogirzan, Matei-Valeriu"]
[Black "Musovic, Armin"]
[Result "0-1"]
[WhiteTitle "CM"]
[BlackTitle "FM"]
[WhiteElo "1813"]
[BlackElo "2282"]
[WhiteFideId "1257455"]
[BlackFideId "939935"]
[EventDate "2021.07.07"]

1. e4 c6 2. d4 d5 3. Nc3 dxe4 4. Nxe4 Nf6 5. Nxf6+ exf6 6. Bd3 Bd6 7. Qh5 Qe7+
8. Qe2 Be6 9. c4 Bb4+ 10. Bd2 Bxd2+ 11. Kxd2 Qb4+ 12. Kc2 O-O 13. a3 Qa4+ 14. b3
Qa5 15. h4 Rd8 16. Nf3 Nd7 17. Qe4 Nf8 18. g4 b5 19. c5 Bd5 20. Qf4 Ne6 21. Qf5
g6 22. Qxf6 Bxf3 23. h5 Nxd4+ 24. Kb1 Qc3 0-1

[Event "34th Leon Blitz Open 2021"]
[Site "chess.com INT"]
[Date "2021.07.07"]
[Round "9"]
[White "Vovk, Orest"]
[Black "Dhulipalla, Bala Chandra Prasad"]
[Result "1-0"]
[WhiteTitle "FM"]
[BlackTitle "IM"]
[WhiteElo "2315"]
[BlackElo "2425"]
[WhiteFideId "14113490"]
[BlackFideId "25005812"]
[EventDate "2021.07.07"]

1. g4 Nc6 2. Bg2 e5 3. h3 d5 4. c4 dxc4 5. Bxc6+ bxc6 6. Nc3 h5 7. Qa4 Qd6 8. g5
Be6 9. Nf3 f5 10. Nxe5 Ne7 11. Nxc4 Qd4 12. d3 f4 13. Ne4 Rd8 14. Bxf4 Nf5 15.
Qxc6+ Bd7 16. Qg6+ Ke7 17. Be5 Qd5 18. Bf6+ gxf6 19. gxf6+ Ke6 20. Ng5# 1-0

[Event "34th Leon Blitz Open 2021"]
[Site "chess.com INT"]
[Date "2021.07.07"]
[Round "9"]
[White "Vasquez Schroeder, Rodrigo"]
[Black "Kadam, Om Manish"]
[Result "0-1"]
[WhiteTitle "GM"]
[BlackTitle "CM"]
[WhiteElo "2459"]
[BlackElo "2114"]
[WhiteFideId "3400042"]
[BlackFideId "45076294"]
[EventDate "2021.07.07"]

1. e4 g6 2. Nf3 Bg7 3. d4 c6 4. Nc3 d6 5. a4 Nf6 6. a5 O-O 7. h3 e5 8. dxe5 dxe5
9. Qxd8 Rxd8 10. Bc4 Nbd7 11. Ng5 Rf8 12. Be3 h6 13. Nf3 Re8 14. Ke2 Nf8 15.
Rhd1 Nh5 16. Nd2 Be6 17. Bxe6 Nxe6 18. Nc4 Nd4+ 19. Kd2 Rad8 20. Kc1 Nf4 21.
Bxf4 exf4 22. f3 f5 23. Rd3 fxe4 24. Nxe4 Nf5 25. Kd2 Rxd3+ 26. Kxd3 Rd8+ 27.
Ke2 Nd4+ 28. Kf1 Nxc2 29. Rc1 Nb4 30. Ke2 Rd5 31. b3 Na2 32. Rc2 Nb4 33. Rd2 Kf8
34. Ned6 Ke7 35. Nxb7 Bd4 36. Nbd6 Be3 37. Rd1 Nc2 38. Nc8+ Kd7 39. Nxa7 Bxa7 0-1

[Event "34th Leon Blitz Open 2021"]
[Site "chess.com INT"]
[Date "2021.07.07"]
[Round "9"]
[White "Dobre, Claudiu-Cristian"]
[Black "Baskin, Robert"]
[Result "1/2-1/2"]
[WhiteTitle "IM"]
[BlackTitle "IM"]
[WhiteElo "2314"]
[BlackElo "2390"]
[WhiteFideId "1211854"]
[BlackFideId "24662402"]
[EventDate "2021.07.07"]

1. c4 c5 2. Nf3 Nc6 3. d4 cxd4 4. Nxd4 Nf6 5. Nc3 e6 6. a3 Be7 7. e4 O-O 8. Be2
d5 9. exd5 exd5 10. cxd5 Nxd5 11. Nxc6 bxc6 12. Bd2 Bf6 13. Rc1 Nxc3 14. Bxc3
Qxd1+ 15. Kxd1 Rd8+ 16. Ke1 Bxc3+ 17. Rxc3 Rb8 18. b3 Be6 19. Bd1 Rb5 20. f4
Rbd5 21. Bf3 Rd2 22. Rf1 Rb2 23. b4 Bd5 24. Bxd5 Rxd5 25. Rf2 Rb1+ 26. Ke2 a5
27. Rxc6 g6 28. bxa5 Rxa5 29. Rc3 Ra1 30. Rff3 Ra2+ 31. Kf1 Rd5 32. Rfd3 Rb5 33.
Rb3 Rc5 34. Rbc3 Rb5 35. Rb3 Rc5 36. Rbc3 Rb5 1/2-1/2

[Event "34th Leon Blitz Open 2021"]
[Site "chess.com INT"]
[Date "2021.07.07"]
[Round "9"]
[White "Demchenko, Anton"]
[Black "Gimenez Aguirre, Alejo Ismael"]
[Result "1-0"]
[WhiteTitle "GM"]
[BlackTitle "IM"]
[WhiteElo "2600"]
[BlackElo "2265"]
[WhiteFideId "4160258"]
[BlackFideId "32041667"]
[EventDate "2021.07.07"]

1. e4 c5 2. Nf3 d6 3. Bb5+ Bd7 4. Bxd7+ Qxd7 5. c4 e5 6. Nc3 Nc6 7. d3 Nf6 8.
Bg5 Be7 9. O-O h6 10. Bxf6 Bxf6 11. a3 Ne7 12. b4 g5 13. Qa4 g4 14. Ne1 Bg5 15.
Nc2 Bd2 16. Qxd7+ Kxd7 17. Na4 b6 18. Rad1 Bg5 19. f3 gxf3 20. Rxf3 Raf8 21.
Rdf1 Ke6 22. Nc3 f5 23. Nb5 a6 24. exf5+ Rxf5 25. Rxf5 Nxf5 26. Nc7+ Kd7 27. Nd5
Ne3 28. Ncxe3 Bxe3+ 29. Nxe3 cxb4 30. axb4 a5 31. bxa5 bxa5 32. Ra1 Ra8 33. Ra4
Kc6 34. Kf2 Kc5 35. Ke2 Kd4 36. Kd2 Rf8 37. Nc2+ Kc5 38. Rxa5+ Kc6 39. Ke2 Rg8
40. g3 h5 41. Ra6+ Kc5 42. Ne3 h4 43. g4 Rb8 44. Ra5+ Kc6 45. Ra2 Rb1 46. Kf3
Kc5 47. Ra5+ Kc6 48. Nf5 Rf1+ 49. Kg2 Rf4 50. h3 e4 51. Rd5 exd3 52. Rxd6+ Kc7
53. Rxd3 Rxc4 54. Nxh4 Rc1 55. Kg3 Rg1+ 56. Kf4 Rf1+ 57. Nf3 Kc6 58. h4 1-0

[Event "34th Leon Blitz Open 2021"]
[Site "chess.com INT"]
[Date "2021.07.07"]
[Round "9"]
[White "Svane, Rasmus"]
[Black "Ibrahimli, Murad"]
[Result "1-0"]
[WhiteTitle "GM"]
[BlackTitle "IM"]
[WhiteElo "2615"]
[BlackElo "2436"]
[WhiteFideId "4657101"]
[BlackFideId "13410229"]
[EventDate "2021.07.07"]

1. Nf3 Nf6 2. g3 g6 3. Bg2 Bg7 4. O-O O-O 5. d4 d6 6. Re1 Nbd7 7. e4 e5 8. Nc3
c6 9. a4 a5 10. h3 Re8 11. Be3 h6 12. Qd2 Kh7 13. Rad1 Qe7 14. d5 Bf8 15. b3
cxd5 16. exd5 b6 17. Nb5 Nc5 18. Bxc5 bxc5 19. Nxe5 dxe5 20. d6 Qd7 21. Bxa8
Qxh3 22. Bg2 Qh5 23. f3 e4 24. Qf4 Bg7 25. fxe4 Ng4 26. d7 c4 27. dxe8=Q Qc5+
28. Nd4 Bxd4+ 29. Rxd4 Qxd4+ 30. Kh1 1-0

[Event "34th Leon Blitz Open 2021"]
[Site "chess.com INT"]
[Date "2021.07.07"]
[Round "9"]
[White "Shreyans, K. Shah"]
[Black "Krishnakumar, Sriram"]
[Result "0-1"]
[WhiteTitle "CM"]
[BlackTitle "CM"]
[WhiteElo "2237"]
[BlackElo "2035"]
[WhiteFideId "5029074"]
[BlackFideId "30915856"]
[EventDate "2021.07.07"]

1. d4 d5 2. Nf3 Nf6 3. Bf4 c5 4. c3 Nc6 5. e3 e6 6. Bd3 Bd6 7. Bg3 O-O 8. Nbd2
Qc7 9. O-O e5 10. dxe5 Nxe5 11. Nxe5 Bxe5 12. Nf3 Bxg3 13. hxg3 h6 14. Bc2 Be6
15. Qe2 Rfe8 16. Rad1 Rad8 17. Bb3 a6 18. c4 dxc4 19. Bxc4 Bxc4 20. Qxc4 b5 21.
Qc2 c4 22. Nd4 Ne4 23. Nf5 Qe5 24. Nd4 Rc8 25. Nf3 Qc5 26. Nd4 b4 27. Rfe1 a5
28. g4 c3 29. b3 Qg5 30. f3 Nf6 31. Kf2 Qh4+ 32. Kg1 g6 33. Rd3 Qxe1+ 0-1

[Event "34th Leon Blitz Open 2021"]
[Site "chess.com INT"]
[Date "2021.07.07"]
[Round "9"]
[White "Sarana, Alexey"]
[Black "Sjugirov, Sanan"]
[Result "1/2-1/2"]
[WhiteTitle "GM"]
[BlackTitle "GM"]
[WhiteElo "2640"]
[BlackElo "2661"]
[WhiteFideId "24133795"]
[BlackFideId "4189302"]
[EventDate "2021.07.07"]

1. e4 c5 2. Nf3 d6 3. d4 cxd4 4. Nxd4 Nf6 5. Nc3 a6 6. Be3 e5 7. Nb3 Be6 8. f3
h5 9. Nd5 Bxd5 10. exd5 Nbd7 11. Qd2 g6 12. O-O-O Qc7 13. Kb1 Bg7 14. Qa5 b6 15.
Qa4 O-O 16. Qc6 Qb8 17. Be2 Rc8 18. Qa4 Qb7 19. f4 Qc7 20. c3 exf4 21. Bxf4 Nc5
22. Nxc5 Qxc5 23. Bf3 b5 24. Qa5 Nd7 25. Qb4 Qxb4 26. cxb4 Be5 27. Be3 Kg7 28.
h3 Bf6 29. Rc1 Ne5 30. Bf4 Rxc1+ 31. Bxc1 Nxf3 32. gxf3 Re8 33. Bf4 Re2 34. Bxd6
Rxb2+ 35. Kc1 Rxa2 36. Rd1 Ra1+ 37. Kc2 Rxd1 38. Kxd1 Bd8 39. Kc2 Kf6 40. Kd3
Be7 41. Bc5 Bd8 42. Kd4 a5 43. bxa5 Bxa5 44. Bd6 Bb6+ 45. Kc3 Ba5+ 46. Kd4 Bb6+
47. Kc3 Ba5+ 48. Kd4 1/2-1/2

[Event "34th Leon Blitz Open 2021"]
[Site "chess.com INT"]
[Date "2021.07.07"]
[Round "9"]
[White "Senlle Caride, Miguel"]
[Black "Matveev, Vladimir3"]
[Result "0-1"]
[WhiteTitle "FM"]
[BlackTitle "FM"]
[WhiteElo "2354"]
[BlackElo "2344"]
[WhiteFideId "2282500"]
[BlackFideId "24130753"]
[EventDate "2021.07.07"]

1. e4 c5 2. Nc3 e6 3. Nge2 a6 4. d4 cxd4 5. Nxd4 b5 6. Bd3 Qb6 7. Nb3 Qc7 8. O-O
Bb7 9. Re1 Be7 10. Qf3 Nf6 11. Bf4 d6 12. Qh3 Nbd7 13. a4 b4 14. Na2 a5 15. c3
O-O 16. cxb4 axb4 17. Nxb4 Qb6 18. Bb5 Nxe4 19. Be3 Ndc5 20. Nd4 Bf6 21. Rab1
Nxa4 22. Bxa4 Qxb4 23. Bc6 Bxc6 24. Nxc6 Qb7 25. Nd4 d5 26. b4 Ra4 27. Nc2 Rc8
28. Rec1 Nc3 0-1

[Event "34th Leon Blitz Open 2021"]
[Site "chess.com INT"]
[Date "2021.07.07"]
[Round "9"]
[White "Holt, Conrad"]
[Black "Bluebaum, Matthias"]
[Result "1-0"]
[WhiteTitle "GM"]
[BlackTitle "GM"]
[WhiteElo "2549"]
[BlackElo "2669"]
[WhiteFideId "2034387"]
[BlackFideId "24651516"]
[EventDate "2021.07.07"]

1. d4 Nf6 2. c4 e6 3. Nc3 d5 4. cxd5 exd5 5. Bg5 c6 6. e3 h6 7. Bh4 Bf5 8. Qf3
Be6 9. Bxf6 Qxf6 10. Qxf6 gxf6 11. Bd3 a5 12. Nge2 a4 13. a3 Nd7 14. O-O-O b5
15. e4 b4 16. exd5 bxc3 17. dxe6 cxb2+ 18. Kxb2 fxe6 19. Nf4 Rb8+ 20. Ka2 Rb3
21. Bg6+ Ke7 22. Rd3 e5 23. Re1 Rxd3 24. Bxd3 Kd6 25. dxe5+ fxe5 26. Ng6 Rg8 27.
Bf5 Nb6 28. f4 exf4 29. Re8 Nd7 30. Rd8 Rg7 31. Rxd7+ Rxd7 32. Bxd7 Bg7 33. Bf5
Bd4 34. Bc2 Be3 35. Bxa4 Kd5 36. Bc2 c5 37. Kb3 Kd4 38. a4 Bd2 39. Bf5 c4+ 40.
Kc2 Ba5 41. Bg4 Ke3 42. Bf3 Bc7 43. h4 Kd4 44. h5 Ba5 45. Ne7 Bc7 46. Ng8 Ke5
47. Nxh6 Kf6 48. Kc3 Kg5 49. Nf7+ Kf6 50. Bd5 Kf5 51. Kxc4 Kg4 52. h6 Kf5 53. h7
Be5 54. Nxe5 f3 55. h8=Q Kf4 56. Qf6+ 1-0

[Event "34th Leon Blitz Open 2021"]
[Site "chess.com INT"]
[Date "2021.07.07"]
[Round "9"]
[White "Martinez Alcantara, Jose Eduardo"]
[Black "Yilmaz, Mustafa"]
[Result "1-0"]
[WhiteTitle "GM"]
[BlackTitle "GM"]
[WhiteElo "2620"]
[BlackElo "2630"]
[WhiteFideId "3805662"]
[BlackFideId "6302718"]
[EventDate "2021.07.07"]

1. e4 c5 2. Nf3 e6 3. g3 d5 4. exd5 exd5 5. Bg2 Qe7+ 6. Qe2 Nc6 7. Nc3 Qxe2+ 8.
Nxe2 Nf6 9. O-O Bf5 10. d3 Be7 11. Bd2 h6 12. Rfe1 O-O-O 13. a3 a6 14. Rab1 a5
15. Nc3 d4 16. Na4 Nd7 17. Nh4 Bxh4 18. gxh4 Rde8 19. b4 axb4 20. axb4 Nxb4 21.
Rxe8+ Rxe8 22. Nxc5 Nxc5 23. Bxb4 Na4 24. Bf3 Re6 25. Bd2 Nc3 26. Rb4 Rg6+ 27.
Kh1 Bh3 28. Rc4+ Kb8 29. Bf4+ Ka7 30. Be5 Ne2 31. Bxe2 Bg2+ 32. Kg1 Bh3+ 33. Bg3 1-0

[Event "34th Leon Blitz Open 2021"]
[Site "chess.com INT"]
[Date "2021.07.07"]
[Round "9"]
[White "Fernandez, Daniel Howard"]
[Black "Guseinov, Gadir"]
[Result "0-1"]
[WhiteTitle "GM"]
[BlackTitle "GM"]
[WhiteElo "2487"]
[BlackElo "2665"]
[WhiteFideId "5801605"]
[BlackFideId "13401378"]
[EventDate "2021.07.07"]

1. e4 c5 2. Nc3 g6 3. h4 h5 4. d4 cxd4 5. Qxd4 Nf6 6. Be3 Nc6 7. Qd2 Bg7 8. f3
d6 9. O-O-O Bd7 10. Nh3 Rc8 11. Ng5 Qa5 12. Kb1 Nh7 13. Nd5 Qxd2 14. Rxd2 Nxg5
15. hxg5 Be6 16. Bb5 Kf8 17. Nf4 a6 18. Ba4 Ne5 19. Bd4 Nc4 20. Bxg7+ Kxg7 21.
Re2 Rc5 22. Bb3 b5 23. Bxc4 Bxc4 24. Rd2 Rxg5 25. b3 Be6 26. Kb2 Rc8 27. Ra1
Rgc5 28. a4 h4 29. axb5 axb5 30. Ra5 Rb8 31. Nd3 Rc7 32. Nb4 Rcb7 33. Nc6 Rh8
34. Nd4 Bd7 35. Rd1 h3 36. gxh3 Rxh3 37. f4 e5 38. fxe5 dxe5 39. Ne2 Bg4 0-1

[Event "34th Leon Blitz Open 2021"]
[Site "chess.com INT"]
[Date "2021.07.07"]
[Round "9"]
[White "Maly, Alexey"]
[Black "Pham, Le Thao Nguyen"]
[Result "1/2-1/2"]
[WhiteTitle "IM"]
[BlackTitle "IM"]
[WhiteElo "2370"]
[BlackElo "2369"]
[WhiteFideId "14103184"]
[BlackFideId "12401226"]
[EventDate "2021.07.07"]

1. d4 Nf6 2. c4 e6 3. Nf3 b6 4. g3 Bb7 5. Bg2 Be7 6. O-O O-O 7. b3 Ne4 8. Bb2 f5
9. Nbd2 d6 10. Qc2 Nd7 11. e3 Nxd2 12. Nxd2 Bxg2 13. Kxg2 Qe8 14. f4 Nf6 15. e4
Qh5 16. Rae1 Rae8 17. exf5 exf5 18. Re6 Bd8 19. Rfe1 Rxe6 20. Rxe6 Re8 21. Rxe8+
Qxe8 22. Nf3 Ng4 23. Qd3 Bf6 24. h3 Qe3 25. Qxe3 Nxe3+ 26. Kg1 g6 27. Bc1 Nc2
28. d5 Nb4 29. a3 Nd3 30. Be3 a5 31. Kf1 a4 32. bxa4 Nb2 33. Ke2 Nxc4 34. Bd4
Kf7 35. Kd3 Na5 36. Bxf6 Kxf6 37. Ng5 h6 38. Ne6 c5 39. Kc3 Ke7 40. Ng7 Kf6 41.
Ne6 Ke7 42. Nc7 Kd7 43. Nb5 Nb7 44. Kd3 Na5 45. Ke3 Nc4+ 46. Kd3 Nb2+ 47. Kc2
Nc4 48. Kd3 Nb2+ 49. Kd2 Nc4+ 50. Ke2 Nb2 51. Nc3 Nc4 52. Nb5 Nb2 53. Kd2 Nc4+
54. Ke2 1/2-1/2

[Event "34th Leon Blitz Open 2021"]
[Site "chess.com INT"]
[Date "2021.07.07"]
[Round "9"]
[White "Girya, Olga"]
[Black "Chen, Justin"]
[Result "0-1"]
[WhiteTitle "WGM"]
[BlackTitle "FM"]
[WhiteElo "2448"]
[BlackElo "2247"]
[WhiteFideId "4195752"]
[BlackFideId "2098199"]
[EventDate "2021.07.07"]

1. d4 Nf6 2. Nf3 e6 3. c4 d5 4. Nc3 c5 5. cxd5 Nxd5 6. e3 cxd4 7. exd4 Bb4 8.
Bd2 O-O 9. Bd3 Nc6 10. O-O Be7 11. a3 Nf6 12. Be3 b6 13. Rc1 Bb7 14. Bb1 Rc8 15.
Qd3 g6 16. Rfd1 Nd5 17. Bh6 Nxc3 18. Rxc3 Re8 19. Ba2 Bf6 20. Rcc1 Ne7 21. Rxc8
Qxc8 22. Bg5 Bxf3 23. Bxf6 Bxd1 24. Qxd1 Nd5 25. Be5 Qd8 26. Qd2 Qh4 27. g3 Qh5
28. Bc4 g5 29. Be2 Qh6 30. h4 f6 31. Bd6 Qg7 32. hxg5 Qxg5 33. Qc2 Qg7 34. Qc6
Rd8 35. Bb5 a6 36. Bxa6 Qd7 37. Qxd7 Rxd7 38. Bb4 Nxb4 39. axb4 Rxd4 40. b5 Rb4
41. Kg2 Rxb2 42. Kf3 Kf7 43. Kf4 Rxf2+ 0-1

[Event "34th Leon Blitz Open 2021"]
[Site "chess.com INT"]
[Date "2021.07.07"]
[Round "9"]
[White "Jimenez Martinez, Jose Vicente"]
[Black "Larino Nieto, David"]
[Result "0-1"]
[WhiteTitle "FM"]
[BlackTitle "GM"]
[WhiteElo "2271"]
[BlackElo "2455"]
[WhiteFideId "2264021"]
[BlackFideId "2256444"]
[EventDate "2021.07.07"]

1. d4 e6 2. c4 d5 3. Nf3 c5 4. cxd5 exd5 5. g3 Nc6 6. Bg2 Nf6 7. O-O Be7 8. Nc3
O-O 9. Bf4 Bf5 10. Rc1 Rc8 11. Qa4 c4 12. Qd1 Ne4 13. Ne5 Nxc3 14. bxc3 f6 15.
Nxc6 bxc6 16. f3 Ba3 17. e4 Bxc1 18. Qxc1 Bg6 19. Qa3 Re8 20. e5 Qe7 21. Qa6 Bd3
22. Re1 f5 23. h4 h6 24. h5 Qc7 25. Qa3 Re6 26. g4 Qe7 27. Qxe7 Rxe7 28. Bh3 Rf8
29. Bc1 Re6 30. Ba3 Rf7 31. Bc5 Kh7 32. Kg2 g6 33. Rd1 gxh5 34. gxh5 Rg7+ 35.
Kf2 Rg5 36. Bxa7 Rxh5 37. Bg2 Rg6 38. Bc5 Rh2 39. Rg1 f4 40. a4 Bf5 41. Kf1
Rhxg2 42. Rxg2 Bh3 43. a5 Rxg2 44. Ke1 Ra2 45. Bb4 Kg6 46. Kd1 Bf5 47. Ke1 h5
48. Kf1 h4 49. Kg1 h3 50. e6 Bxe6 51. Kh1 Bf5 52. Kg1 Kf7 53. Kh1 Ke6 54. Kg1
Bg6 55. Kh1 h2 56. a6 Bh5 57. Bd6 Bxf3# 0-1

[Event "34th Leon Blitz Open 2021"]
[Site "chess.com INT"]
[Date "2021.07.07"]
[Round "9"]
[White "Sarkar, Justin"]
[Black "Golubev, Mikhail"]
[Result "1-0"]
[WhiteTitle "IM"]
[BlackTitle "GM"]
[WhiteElo "2338"]
[BlackElo "2461"]
[WhiteFideId "2010011"]
[BlackFideId "14100983"]
[EventDate "2021.07.07"]

1. e4 c5 2. Nf3 d6 3. Bb5+ Bd7 4. Bxd7+ Qxd7 5. O-O Nf6 6. Re1 Nc6 7. c3 e6 8.
d4 cxd4 9. cxd4 d5 10. e5 Ne4 11. Re2 f5 12. Ne1 Be7 13. f3 Nxd4 14. Qxd4 Bc5
15. Rxe4 Bxd4+ 16. Rxd4 Qc7 17. Nd3 Qc2 18. Nc3 Rc8 19. Nb4 Rxc3 20. Nxc2 Rxc2
21. Rb1 Kd7 22. Bd2 Rhc8 23. Bc3 g5 24. Rbd1 h5 25. R4d2 Rxd2 26. Rxd2 b6 27.
Kf2 a5 28. Rd4 h4 29. h3 f4 30. Ke2 Ke7 31. Kd3 Kf7 32. a4 Kg6 33. b4 Kf5 34.
bxa5 bxa5 35. Bxa5 Kxe5 36. Bb6 Rc1 37. a5 Ra1 38. Kc2 Kd6 39. Kb2 Rg1 40. Rxd5+
exd5 41. Bxg1 Kc6 42. a6 Kb5 43. a7 1-0

[Event "34th Leon Blitz Open 2021"]
[Site "chess.com INT"]
[Date "2021.07.07"]
[Round "9"]
[White "Delgadillo, Adonay"]
[Black "Dang, Hoang Son"]
[Result "0-1"]
[WhiteTitle "FM"]
[BlackTitle "FM"]
[WhiteElo "2236"]
[BlackElo "2363"]
[WhiteFideId "3301915"]
[BlackFideId "12402435"]
[EventDate "2021.07.07"]

1. e4 g6 2. d4 Bg7 3. h4 h5 4. Nf3 d5 5. exd5 Qxd5 6. Nc3 Qa5 7. Bc4 c6 8. Ng5
Nh6 9. Qf3 Bf5 10. Be3 Nd7 11. Bb3 O-O 12. O-O Nf6 13. Rfe1 Rad8 14. Qg3 Nfg4
15. Rad1 Nxe3 16. fxe3 e6 17. Nf3 Bg4 18. Ne2 Nf5 19. Qf2 Bh6 20. Nf4 Bxf4 21.
exf4 Bxf3 22. gxf3 Qc7 23. Re5 Rd6 24. c3 Qd8 25. Rxf5 exf5 26. Re1 Re8 27. Re5
Kg7 28. Qe1 Rxe5 29. fxe5 Rd7 30. Kg2 Qe7 31. Kg3 g5 32. f4 gxf4+ 33. Kxf4 Kf8
34. Kxf5 f6 35. e6 Qh7+ 36. Kxf6 Rg7 37. Qf2 Qe4 38. Qf5 Qxh4+ 39. Ke5+ Ke7 40.
Qf4 0-1

[Event "34th Leon Blitz Open 2021"]
[Site "chess.com INT"]
[Date "2021.07.07"]
[Round "9"]
[White "Pacheco Lugo, Alejandro Jose"]
[Black "Sviridova, Vlada"]
[Result "1-0"]
[WhiteTitle "CM"]
[BlackTitle "WFM"]
[WhiteElo "2127"]
[BlackElo "2144"]
[WhiteFideId "3903745"]
[BlackFideId "24109606"]
[EventDate "2021.07.07"]

1. e4 e6 2. d4 d5 3. Bd3 dxe4 4. Bxe4 Nf6 5. Bf3 c5 6. Ne2 Be7 7. O-O O-O 8.
dxc5 Bxc5 9. Nbc3 Nbd7 10. Bf4 a6 11. Na4 Be7 12. c4 Qa5 13. Ng3 Ne5 14. Be2 Bd7
15. Nc3 Bc6 16. a3 Ng6 17. b4 Qd8 18. Be3 Qc7 19. Qb3 Nf4 20. Bxf4 Qxf4 21. b5
axb5 22. cxb5 Bd5 23. Nxd5 Nxd5 24. Bf3 Bf6 25. Ra2 Rad8 26. Ne4 Be5 27. g3 Qf5
28. Bg2 Bd4 29. a4 Qe5 30. a5 f5 31. Ng5 h6 32. Nf3 Qf6 33. Nxd4 Qxd4 34. a6
bxa6 35. bxa6 Rb8 36. Qd1 Qc4 37. Qe2 Qxe2 38. Rxe2 Kf7 39. Ra1 Ra8 40. Rd2 Rfd8
41. Ra5 Kf6 42. f4 Rd6 43. a7 Rd7 44. Rda2 g6 45. Kf2 Nc3 46. Bxa8 Nxa2 47. Bc6
Rd2+ 48. Ke3 Nb4 49. Kxd2 Nxc6 50. a8=Q 1-0